000 00554nam a22001817a 4500
003 CEME
005 20210628201823.0
008 210216b xxu||||| |||| 00| 0 eng d
020 _a0-13-272550-9
040 _c.
082 _a519.41285 MAI
100 _aHanselman, Duane Littlefield, Bruce
_956955
245 _aThe student edition of matlab version 5, the student edition of matlab version 5
260 _aNEW JERSEY
_bPRENTICE HALL
_c1997
300 _aXXXIX,429P
650 _aMATLAB NUMERICAL ANALYSIS-DATA PROCESSING
_956506
942 _cBK
_2ddc
999 _c567277
_d567277